Píseň o Bernadettě : Román /
Uloženo v:
| Hlavní autor: | |
|---|---|
| Další autoři: | , |
| Médium: | Kniha |
| Jazyk: | Czech |
| Vydáno: |
Praha :
Vyšehrad,
1989
|
| Vydání: | 5. vyd. |
| Edice: | Díla klasiků
|
| Témata: | |
| Celkem bylo vypůjčeno: | 16x |
| Tagy: |
Žádné tagy |
| LEADER | 01094nam a2200277 a 4500 | ||
|---|---|---|---|
| 001 | 37944 | ||
| 005 | 20240330060014.0 | ||
| 008 | 970716s1989----xr ---------u-------cze-d | ||
| 015 | |a cnb000055952 | ||
| 020 | |c 40.00 Kč | ||
| 040 | |a UOG502 |e AACR2 |9 1 |b cze | ||
| 041 | 1 | |a cze |h ger | |
| 100 | 1 | |a Werfel, Franz, |d 1890-1945 |4 aut |9 34962 | |
| 245 | 1 | 0 | |a Píseň o Bernadettě : |b Román / |c Franz Werfel ; [il. Mikuláš Medek ; z něm. orig. přel. Jitka Fučíková] |
| 250 | |a 5. vyd. | ||
| 260 | |a Praha : |b Vyšehrad, |c 1989 | ||
| 300 | |a 379 s. | ||
| 490 | 1 | |a Díla klasiků | |
| 653 | |a německá literatura |a křesťanství |a křesťanská víra |a Francie |a Lourdy |a Soubirous, Bernadette |a životopisné romány |a život |a biografie | ||
| 700 | 1 | |a Fučíková, Jitka, |d 1903-1987 |7 jk01032120 |4 trl |9 13751 | |
| 700 | 1 | |a Medek, Mikuláš, |d 1926-1974 |7 jk01081027 |4 ill |9 31947 | |
| 830 | 0 | |a Díla klasiků | |
| 910 | |a UOG502 | ||
| 999 | |c 37944 |d 37944 | ||
| 942 | 0 | 0 | |0 15 |
| 993 | |0 0 |1 421180038555 |4 0 |7 0 |9 18761 |a 40.00 |b 0 |c 38555 |d 1997-07-16 |e 16 |f SKLAD |h 40.00 |l SKLAD |r 2025-03-07 |s 2025-02-11 |t 6 |w 2017-09-19 |y KN |z BELET | ||